Music Quiz

Random Music or Artist Quiz

Artists With 5+ UK Number 1's Quiz Stats

Quiz not verified by Sporcle

Challenge
Share
Tweet
Embed
Score 0/28 Timer 08:00
0 Plays Today
Number 1's Artist % Correct
18The Beatles
94.8%
10Elvis Presley
75.9%
8The Rolling Stones
69.1%
13Westlife
67%
13Madonna
66.5%
11Take That
64.9%
7Michael Jackson
63.4%
9Spice Girls
60.7%
20Elvis Presley With The Jordanaires
57.6%
8Oasis
53.9%
6Boyzone
50.3%
9Abba
44%
6Cliff Richard
44%
6U2
43.5%
Number 1's Artist % Correct
5Robbie Williams
42.9%
5Britney Spears
35.1%
6Eminem
34.6%
7McFly
34.6%
6Kylie Minogue
33%
5The Bee Gees
25.7%
5The Shadows
23.6%
5Sugababes
23.6%
5The Police
22%
6Rod Stewart
19.4%
6Slade
19.4%
6Blondie
16.2%
6All Saints
13.1%
8Cliff Richard & The Shadows
4.7%

You're not logged in!

Compare scores with friends on all Sporcle quizzes.
Sign Up with Email
OR
Log In

You Might Also Like...

Show Comments

Extras

Top Quizzes Today


Score Distribution

Your Account Isn't Verified!

In order to create a playlist on Sporcle, you need to verify the email address you used during registration. Go to your Sporcle Settings to finish the process.